000 00619nam a22001817a 4500
999 _c183592
_d183592
005 20211229122311.0
010 _aENG-130743
020 _a978-93-886-894-27
_c399.00
035 _aEN-114275
037 _bDBAD
082 _a322.10954
100 _aSharma, Jyotirmaya
245 _aHindutva:
_cExploring the idea of Hindu Nationalism/
_bJyotirmaya Sharma
260 _aChennai
_bPenguin Books
_c2003
270 _a1st Floor, A Block, East Wing, Plot No. 40, SP Info City, Dr. MGR Salai, Perungudi, Kandanchavadi
_bChennai
_e600096
300 _a190p
_c22cm(pbk)
942 _2ddc
_cEN
_h322.10954
_mSHA